000 00894cam a22002773a 4500
001 4227
003 PGUSA
005 20140828083050.0
008 030701s2003||||xxu|||||s|||||000 1 eng d
040 _aPGUSA
_beng
042 _adc
050 4 _aPS
050 4 _aPZ
100 1 _aAppleton, Victor
245 1 0 _aTom Swift and His Wireless Message; Or, The Castaways of Earthquake Island
_h[electronic resource] /
_cVictor Appleton
260 _bProject Gutenberg,
_c2003
506 _aPublic domain in the USA.
516 _aElectronic text
653 _aAdventure and adventurers -- Juvenile fiction
653 _aShipwreck survival -- Juvenile fiction
653 _aTelegraph, Wireless -- Juvenile fiction
653 _aSwift, Tom (Fictitious character) -- Juvenile fiction
830 0 _aProject Gutenberg
_v4227
856 4 0 _uhttp://www.gutenberg.org/ebooks/4227
942 _cEB
999 _c233556
_d233556